000 00424nam a2200157 i 4500
001 bg
100 1 _aVALIEV, K. A.
245 0 _aCifrovye integralnye schemy na MGP-tranzistorach /
_cK.A. Waliew, A.W. Karmazinskij, M.A. Korolew.
260 _aMoskwa,
_c1971.
700 1 _aKARMAZINSKIJ, A. W.
700 1 _aKOROLEV, M. A.
040 _cBPK
041 _apol
942 _cKS
008 s pl f |000 0 pol
999 _c14879
_d14879
856 _uhttp://koha.tu.koszalin.pl/cgi-bin/koha/opac-detail.pl?biblionumber=14879
_yKatalog online BPK